COAL MINING AND MANGEMENT VOL III (Record no. 5394)

MARC details
000 -LEADER
fixed length control field 00317nam a22001337a 4500
005 - DATE AND TIME OF LATEST TRANSACTION
control field 20170401154524.0
008 - FIXED-LENGTH DATA ELEMENTS--GENERAL INFORMATION
fixed length control field 170401b xxu||||| |||| 00| 0 eng d
041 ## - LANGUAGE CODE
Language code of text/sound track or separate title eng
100 ## - MAIN ENTRY--AUTHOR NAME
Personal name MATHUR,S.P
245 ## - TITLE STATEMENT
Title COAL MINING AND MANGEMENT VOL III
260 ## - PUBLICATION, DISTRIBUTION, ETC. (IMPRINT)
Name of publisher KAHNA PRAKSHAN
650 ## - SUBJECT ADDED ENTRY--TOPICAL TERM
Topical Term MINING
942 ## - ADDED ENTRY ELEMENTS (KOHA)
Koha item type Books
Holdings
Lost status Damaged status Home library Current library Shelving location Date acquired Source of acquisition Cost, normal purchase price Accession Number Koha item type
    JRU Library   SHELF-6-C 14/02/2023 PURCHASE 3250.00 21640 Books